Pablo, Apóstol de Cristo: su vida y sus epístolas
Сохранить в:
| Главный автор: | |
|---|---|
| Формат: | |
| Язык: | испанский |
| Опубликовано: |
Pamplona
Verbo Divino
2008
|
| Редактирование: | 1a. ed |
| Предметы: | |
| Метки: |
Добавить метку
Нет меток, Требуется 1-ая метка записи!
|
MARC
| LEADER | 00000cam a2200000 a 4500 | ||
|---|---|---|---|
| 001 | UCD2039 | ||
| 003 | CL-VaPUC | ||
| 008 | 160407e20080000sp |||||||||||||||||spa|d | ||
| 020 | |a 9878481697896 | ||
| 082 | 0 | 4 | |a 227 |b CAR |2 21 |
| 100 | 0 | |a Carrillo Alday, Salvador |e author |9 585288 | |
| 245 | 1 | 0 | |a Pablo, Apóstol de Cristo: su vida y sus epístolas |
| 250 | |a 1a. ed | ||
| 300 | |a 212 p | ||
| 942 | |c BK | ||
| 945 | |d 20160407 22:06:00 |a arojas | ||
| 260 | |a Pamplona |b Verbo Divino |c 2008 | ||
| 600 | 0 | |a Pablo, Apóstol |9 585289 | |
| 650 | 0 | |a Epístolas |9 321181 | |
| 650 | 0 | |a Hechos de los apóstoles |9 483141 | |
| 583 | |a last modification |c 20160407 22:06:00 |k Rodrigo Vera | ||
| 999 | |c 363245 |d 363243 | ||
| 952 | |0 0 |1 0 |3 erb |4 0 |6 227_000000000000000_CAR_2008 |7 0 |8 A |9 475133 |a BIBTEO |b BIBTEO |i 5280370 |o 227 CAR 2008 |p 5280370 |r 2025-01-17 |w 2019-11-24 |y BK |z Catalogado en:20160407 |k ICR | ||